Les pièces de Shakespeare Quiz - Statistiques

Statistiques générales
  • Ce quiz a été pris 350 fois
  • Le résultat moyen est 13 sur 36
Statistiques - réponses
Pièce % Correct
Hamlet
93%
Roméo et Juliette
92%
Macbeth
80%
Othello
73%
Richard II
65%
Le Songe d’une nuit d’été
64%
Le Roi Lear
63%
Richard III
56%
Henri V
51%
La Tempête
50%
Beaucoup de bruit pour rien
49%
Henri IV
48%
Le Marchand de Venise
47%
Jules César
46%
Henri VI
44%
Henri VIII
34%
Antoine et Cléopâtre
32%
La Mégère apprivoisée
31%
La Nuit des rois
28%
Coriolan
25%
Comme il vous plaira
23%
Les Joyeuses Commères de Windsor
22%
Titus Andronicus
21%
Le Roi Jean
18%
Le Conte d’hiver
17%
Tout est bien qui finit bien
16%
Mesure pour Mesure
15%
Édouard III
14%
Périclès, prince de Tyr
13%
Cymbeline
10%
Troïlus et Cressida
10%
La Comédie des erreurs
9%
Peines d’amour perdues
9%
Timon d’Athènes
9%
Les Deux Gentilshommes de Vérone
7%
Les Deux Nobles Cousins
2%
Aucun quiz correspondant
Distribution des résultats
% des personnes avec chaque résultat
Percentile par nombre de réponses
Votre historique - résultats
Vous n’avez pas pris ce quiz